000 00632nam a2200229 i 4500
001 C2-0168704
003 PPAK
005 20180728091237.0
008 980719s1964 my |||| ||||| | may d
040 _aPPAK
_beng
_cPPAK
_erda
082 0 4 _a959.5
_2 23
090 0 0 _a959.5
_bMEN
_dKSI
100 1 _aMenon, A.K.,
_eauthor
245 1 0 _aSejarah Tanah Melayu (1400-1963)
264 1 _aKuala Lumpur :
_bMarican & Sons (Malaysia) Ltd. ,
_c1964
300 _a86 pages ;
_c19 cm
336 _2rdacontent
_atext
337 _2rdamedia
_aunmediated
338 _2rdacarrier
_avolume
650 1 0 _aMalaysia - History
942 _ddc
_cB
999 _c152834
_d152834